| Tag |
First Indicator |
Second Indicator |
Subfields |
| LEADER |
00000cam a2200000 i 4500 |
| 001 |
in00000794321 |
| 005 |
20151017072740.0 |
| 008 |
770511s1977 dcua b f00000 eng d |
| 010 |
|
|
|a gp 77009616
|
| 020 |
|
|
|c pbk.
|
| 035 |
|
|
|a (OCoLC)02957173
|
| 035 |
|
|
|9 ADQ0760AM
|
| 037 |
|
|
|b 20250
|
| 040 |
|
|
|a GPO
|c GPO
|d UtOrBLW
|
| 043 |
|
|
|a n-us---
|
| 074 |
|
|
|a 42-C
|
| 086 |
|
|
|a A 1.107:367
|
| 100 |
1 |
|
|a Dunham, Denis Ferrol,
|d 1937-
|
| 245 |
1 |
0 |
|a Developments in marketing spreads for agricultural products in 1976 /
|c [by Denis Dunham].
|
| 264 |
|
1 |
|a [Washington] :
|b Dept. of Agriculture, Economic Research Service, [National Economic Analysis Division],
|c [1977]
|
| 300 |
|
|
|a v, 36 pages :
|b illustrations, graphs ;
|c 26 cm.
|
| 336 |
|
|
|a text
|b txt
|2 rdacontent
|
| 337 |
|
|
|a unmediated
|b n
|2 rdamedia
|
| 338 |
|
|
|a volume
|b nc
|2 rdacarrier
|
| 490 |
1 |
|
|a Agricultural economic report ; no. 367
|
| 504 |
|
|
|a Bibliography: pages 35-36.
|
| 650 |
|
0 |
|a Farm produce
|z United States
|x Marketing.
|
| 650 |
|
0 |
|a Marketing
|z United States.
|
| 710 |
1 |
|
|a United States.
|b Department of Agriculture.
|b Economic Research Service.
|b National Economic Analysis Division.
|
| 830 |
|
0 |
|a Agricultural economic report ;
|v no. 367.
|
| 999 |
|
|
|a MARS
|
| 999 |
f |
f |
|s 0168e41b-63eb-3a68-aca2-b2d9bb6015cf
|i 4c17eefb-108d-3066-a7ad-7d89ec60512f
|t 0
|
| 952 |
f |
f |
|p normal
|a Texas A&M University
|b College Station
|c Sterling C. Evans Library
|d Evans: US Documents (Annex 5th floor)
|t 0
|e A 1.107:367
|h Superintendent of Documents classification
|i unmediated -- volume
|m A14814287962
|
| 998 |
f |
f |
|a A 1.107:367
|t 0
|l Evans: US Documents (Annex 5th floor)
|